Introduction to Aircraft Flight Mechanics : (Record no. 16535)
[ view plain ]
| 000 -LEADER | |
|---|---|
| fixed length control field | 01191cam a22002774a 4500 |
| 001 - CONTROL NUMBER | |
| control field | 13139391 |
| 005 - DATE AND TIME OF LATEST TRANSACTION | |
| control field | 20130219145247.0 |
| 008 - FIXED-LENGTH DATA ELEMENTS--GENERAL INFORMATION | |
| fixed length control field | 030327s2003 vaua b 001 0 eng |
| 020 ## - INTERNATIONAL STANDARD BOOK NUMBER | |
| International Standard Book Number | 1563475774 |
| 020 ## - INTERNATIONAL STANDARD BOOK NUMBER | |
| International Standard Book Number | 9781563475771 |
| 082 00 - DEWEY DECIMAL CLASSIFICATION NUMBER | |
| Classification number | 629.132 |
| Edition number | 21 |
| Item number | YEC |
| 100 1# - MAIN ENTRY--PERSONAL NAME | |
| Personal name | Yechout, Thomas R. |
| 9 (RLIN) | 29170 |
| 245 10 - TITLE STATEMENT | |
| Title | Introduction to Aircraft Flight Mechanics : |
| Remainder of title | Performance, Static Stability, Dynamic Stability, and Classical Feedback Control / |
| Statement of responsibility, etc | Thomas R. Yechout with Steven L. Morris, David E. Bossert, Wayne F. Hallgren. |
| 260 ## - PUBLICATION, DISTRIBUTION, ETC. (IMPRINT) | |
| Place of publication, distribution, etc | Reston, VA : |
| Name of publisher, distributor, etc | American Institute of Aeronautics and Astronautics, |
| Date of publication, distribution, etc | c2003. |
| 300 ## - PHYSICAL DESCRIPTION | |
| Extent | xv, 634 p. : |
| Other physical details | ill. ; |
| Dimensions | 24 cm. |
| 490 1# - Series Statement | |
| Series statement | Education series |
| -- | 29171 |
| 504 ## - BIBLIOGRAPHY, ETC. NOTE | |
| Bibliography, etc | Includes bibliographical references (p. 623) and index. |
| 650 #0 - SUBJECT ADDED ENTRY--TOPICAL TERM | |
| Topical term or geographic name as entry element | Airplanes |
| General subdivision | Performance. |
| 9 (RLIN) | 29172 |
| 650 #0 - SUBJECT ADDED ENTRY--TOPICAL TERM | |
| Topical term or geographic name as entry element | Aerodynamics. |
| 9 (RLIN) | 29173 |
| 650 #0 - SUBJECT ADDED ENTRY--TOPICAL TERM | |
| Topical term or geographic name as entry element | Flight. |
| 9 (RLIN) | 29174 |
| 650 #0 - SUBJECT ADDED ENTRY--TOPICAL TERM | |
| Topical term or geographic name as entry element | Flight control. |
| 9 (RLIN) | 29175 |
| 653 ## - INDEX TERM--UNCONTROLLED | |
| Resource For college | |
| Arrived date list | March2012 |
| -- | February2013 |
| 700 1# - ADDED ENTRY--PERSONAL NAME | |
| Personal name | Morris, Steven L., |
| Dates associated with a name | 1952- |
| 9 (RLIN) | 29176 |
| 942 ## - ADDED ENTRY ELEMENTS (KOHA) | |
| Source of classification or shelving scheme | Dewey Decimal Classification |
| Item type | Book - Borrowing |
| Withdrawn status | Item status | Source of classification or shelving scheme | Damaged status | Not for loan | Vendor | Home library | Current library | Shelving location | Date acquired | Source of acquisition | Total Checkouts | Full call number | Barcode | Date last seen | Date last borrowed | Koha item type | Total Renewals |
|---|---|---|---|---|---|---|---|---|---|---|---|---|---|---|---|---|---|
| Dewey Decimal Classification | Baccah | Central Library | Central Library | First floor | 04/03/2012 | 1 | 629.132 YEC | 000026278 | 15/07/2025 | 27/04/2013 | NB - Book (Non borrowing) | ||||||
| Dewey Decimal Classification | Baccah | Central Library | Central Library | First floor | 04/03/2012 | 1 | 629.132 YEC | 000026279 | 29/04/2026 | 31/07/2012 | Book - Borrowing | 2 | |||||
| Dewey Decimal Classification | Baccah | Central Library | Central Library | First floor | 19/02/2013 | 2 | 629.132 YEC | 000028328 | 15/07/2025 | 05/12/2021 | Book - Borrowing | 64 |